| 000 | 00553nam a2200205 a 4500 | ||
|---|---|---|---|
| 001 | 83376 | ||
| 003 | BD-RjUL | ||
| 005 | 20240318113529.0 | ||
| 008 | 240318s19631958enk 000 0 eng d | ||
| 035 | _a(BD-RjUL)83376 | ||
| 040 |
_aHUJI _beng _cBD-RjUL |
||
| 041 | 0 | _aeng | |
| 082 |
_223 _a823.91 _bSNS 1963 |
||
| 100 | 1 |
_aSnow, C. P. _q(Charles Percy), _d1905-1980 _911085 |
|
| 245 | 1 | 4 |
_aThe Search / _cC. P. Snow. |
| 260 |
_aLondon : _bMacmillan, _c1963, ©1958. |
||
| 300 |
_aviii, 342 pages; _c20 cm. |
||
| 650 | _aEnglish fiction | ||
| 942 |
_2ddc _cBK |
||
| 999 |
_c83376 _d83376 |
||